[Event "January TNT"]
[Site "Winnipeg CAN"]
[Date "2016.01.26"]
[Round "4.4"]
[White "Prince, Colin"]
[Black "Bince, Rolando"]
[Result "0-1"]
[WhiteElo "1920"]
[BlackElo "1976"]
[PlyCount "98"]
[EventDate "2016.01.05"]
[EventType "swiss"]
[EventRounds "4"]
[EventCountry "CAN"]

1. e4 e6 2. d4 d5 3. e5 c5 4. c3 Nc6 5. Nf3 Qb6 6. Bd3 Bd7 7. O-O cxd4 8. cxd4
Nxd4 9. Nxd4 Qxd4 10. Nc3 Qb6 11. a4 a6 12. a5 Qc7 13. Qb3 Bc5 14. Bf4 Bc6 15.
Bg3 Qd7 16. Kh1 Rc8 17. f4 g6 18. Bh4 Be7 19. Bf2 Nh6 20. h3 Nf5 21. Na4 Bxa4
22. Rxa4 Bc5 23. Kh2 Bxf2 24. Rxf2 O-O 25. Rb4 Rc7 26. g4 Ne7 27. Rb6 Nc6 28.
Qa3 Qe7 29. Qd6 Rd7 30. Rxb7 Qxd6 31. exd6 Rxb7 32. Bxa6 Ra7 33. Bb5 Nd4 34.
Ba4 Rxa5 35. b3 Rd8 36. d7 Nxb3 37. Bxb3 Rxd7 38. Rc2 Ra8 39. Rc5 Kf8 40. f5
Ke7 41. h4 gxf5 42. gxf5 Ra3 43. Rb5 Rc7 44. fxe6 fxe6 45. Bd1 Kf6 46. Rb6 Rc1
47. Bb3 Ke5 48. Rb7 Rc3 49. Bd1 Ra2+ 0-1

[Event "January TNT"]
[Site "Winnipeg CAN"]
[Date "2016.01.26"]
[Round "4.4"]
[White "Wasserman, Leor"]
[Black "Rutter, Blair"]
[Result "0-1"]
[WhiteElo "2024"]
[BlackElo "1929"]
[PlyCount "72"]
[EventDate "2016.01.05"]
[EventType "swiss"]
[EventRounds "4"]
[EventCountry "CAN"]

1. e4 e5 2. Nf3 d6 3. d4 Nd7 4. Bc4 Be7 5. O-O Ngf6 6. Nc3 O-O 7. h3 a6 8. a3
exd4 9. Nxd4 Ne5 10. Bb3 Bd7 11. f4 Ng6 12. Be3 Qc8 13. Qf3 Rb8 14. Rfe1 c5 15.
Nde2 c4 16. Ba2 b5 17. Ng3 Re8 18. Bd4 Qc7 19. e5 Bc6 20. Qf2 Nd5 21. Nxd5 Bxd5
22. Nf5 Bf8 23. exd6 Qd7 24. Ne3 Qxd6 25. Nxd5 Qxd5 26. c3 Ne7 27. Re5 Qd7 28.
Bb1 g6 29. Qh4 Nc6 30. Qxh7+ Kxh7 31. Rh5+ Bh6 32. Bf6 Rh8 33. Rh4 Qe6 34. f5
Qe3+ 35. Kh1 g5 36. Re4 Qd2 0-1

[Event "Keres"]
[Site "Quebec CAN"]
[Date "2016.05.02"]
[Round "1"]
[White "Bluteau, Yvon"]
[Black "Glode, Martin"]
[Result "1-0"]
[WhiteElo "1884"]
[BlackElo "1872"]
[PlyCount "61"]
[EventDate "2016.05.02"]
[EventType "tourn"]
[EventRounds "5"]
[EventCountry "CAN"]

1. d4 d5 2. Nf3 Nf6 3. g3 c6 4. Bg2 Bf5 5. O-O h6 6. Nbd2 Nbd7 7. c4 e6 8. b3
Bd6 9. Bb2 O-O 10. Re1 Ne4 11. Ne5 Bb4 12. Nxd7 Qxd7 13. Nxe4 Bxe4 14. Rf1 Bxg2
15. Kxg2 Be7 16. Qc2 f5 17. Rad1 Rac8 18. c5 b5 19. cxb6 axb6 20. Qd3 Ra8 21.
a4 b5 22. Ra1 Ra5 23. Bc3 Ra7 24. Ra2 c5 25. dxc5 Bxc5 26. Bd4 Rc8 27. Rc1 Bxd4
28. Rxc8+ Qxc8 29. Qxd4 Ra5 30. Qb6 Ra6 31. Qxb5 1-0

[Event "Keres"]
[Site "Quebec CAN"]
[Date "2016.05.02"]
[Round "1"]
[White "Garneau, Benoit"]
[Black "Beauchesne, Jonathan"]
[Result "0-1"]
[WhiteElo "1846"]
[BlackElo "1565"]
[PlyCount "120"]
[EventDate "2016.05.02"]
[EventType "tourn"]
[EventRounds "5"]
[EventCountry "CAN"]

1. Nf3 Nf6 2. g3 g6 3. c4 Bg7 4. Bg2 O-O 5. d4 d6 6. O-O Nbd7 7. Nc3 c6 8. e4
e5 9. dxe5 Nxe5 10. Nxe5 dxe5 11. Be3 Be6 12. Qe2 Qe7 13. a3 Ng4 14. Bd2 h5 15.
h3 Nf6 16. Be3 b6 17. Rad1 Rad8 18. b4 Rxd1 19. Rxd1 Rd8 20. c5 b5 21. Bg5
Rxd1+ 22. Qxd1 Qd7 23. Qf3 Nh7 24. h4 Nxg5 25. hxg5 Qd2 26. Bf1 Qxg5 27. Bxb5
cxb5 28. Nxb5 Qc1+ 29. Kg2 Bc4 30. Nxa7 Qf1+ 31. Kh2 Be2 32. Qg2 Qd1 33. Qg1
Qd7 34. Qe1 Bg4 35. f3 Be6 36. b5 Qxa7 37. Qb4 Bf8 38. b6 Qb7 39. a4 Bd7 40.
Qc4 Bxc5 41. Qxc5 Bxa4 42. Kh3 Qc6 43. Qa5 Bb5 44. g4 hxg4+ 45. Kxg4 Be2 46.
Qb4 Qb7 47. Kg3 Ba6 48. Qd6 Be2 49. Qf6 Bb5 50. Kh4 Bc6 51. Qd8+ Kg7 52. Kg5
Kh7 53. Kf6 Bd7 54. Kxe5 Qc6 55. Kf4 Bc8 56. Qh4+ Kg7 57. Qd8 Bb7 58. Kg4 Qe6+
59. Kf4 Qf6+ 60. Qxf6+ Kxf6 0-1

[Event "Keres"]
[Site "Quebec CAN"]
[Date "2016.05.02"]
[Round "1"]
[White "Leblanc-Legault, Mathieu"]
[Black "Tremblay-Alix, Eric"]
[Result "1/2-1/2"]
[WhiteElo "1651"]
[BlackElo "1816"]
[PlyCount "122"]
[EventDate "2016.05.02"]
[EventType "tourn"]
[EventRounds "5"]
[EventCountry "CAN"]

1. e3 e5 2. d4 e4 3. c4 d5 4. cxd5 Qxd5 5. Nc3 Bb4 6. Nge2 Nf6 7. Bd2 Qd6 8.
Rc1 a6 9. Qc2 Bxc3 10. Nxc3 Bf5 11. Na4 b5 12. Qc5 Nd5 13. Nb6 Qxc5 14. Rxc5
cxb6 15. Rxd5 g6 16. Re5+ Kf8 17. Bb4+ Kg7 18. Bc3 Rd8 19. h3 b4 20. Bxb4 Nc6
21. Bc3 Nxe5 22. dxe5 Be6 23. a3 Kh6 24. Be2 b5 25. f3 exf3 26. Bxf3 Ra7 27.
O-O Rd3 28. Kf2 Rc7 29. Rc1 a5 30. Be2 Rd5 31. Bf3 Rdc5 32. Rd1 Rxc3 33. bxc3
Rxc3 34. Rb1 Rc5 35. Be2 Bc4 36. Rc1 a4 37. Bxc4 bxc4 38. Kf3 c3 39. Ke2 Kg5
40. g3 Kf5 41. Kd3 Rd5+ 42. Kxc3 Rxe5 43. Rf1+ Ke6 44. Kd3 Rb5 45. Rc1 Ke5 46.
Rc4 Rb3+ 47. Rc3 Rb5 48. Rc7 Rb3+ 49. Rc3 Rb7 50. Rc4 Ra7 51. Rc5+ Ke6 52. Kc4
Kd6 53. e4 Re7 54. Rd5+ Kc6 55. Kd4 Kb6 56. Rd6+ Kb5 57. e5 Rc7 58. Rd5+ Kb6
59. Rd6+ Kb5 60. Rd5+ Kb6 61. Rd6+ Kb5 1/2-1/2

[Event "Keres"]
[Site "Quebec CAN"]
[Date "2016.05.02"]
[Round "1"]
[White "Tremblay, Rejean"]
[Black "Arteau, Benoit"]
[Result "1-0"]
[WhiteElo "2182"]
[BlackElo "1972"]
[PlyCount "113"]
[EventDate "2016.05.02"]
[EventType "tourn"]
[EventRounds "5"]
[EventCountry "CAN"]

1. d4 Nf6 2. c4 e6 3. Nf3 Bb4+ 4. Nbd2 O-O 5. a3 Be7 6. e4 d6 7. b3 Nbd7 8. Bb2
b6 9. Bd3 Bb7 10. Qe2 c5 11. O-O Qc7 12. Rfe1 e5 13. dxe5 dxe5 14. Nf1 Rfe8 15.
Ng3 Rad8 16. Nf5 Bf8 17. Bc1 Nb8 18. Bg5 Re6 19. Ne3 Be7 20. Nd5 Qd6 21. Bd2 h6
22. b4 Nc6 23. b5 Nd4 24. Nxd4 exd4 25. e5 Qd7 26. Nxf6+ Bxf6 27. Bf5 Be7 28.
a4 Ba8 29. Qg4 Kh8 30. Ra3 Rg8 31. a5 Bd8 32. axb6 Bxb6 33. Bxe6 Qxe6 34. Qxe6
fxe6 35. Ba5 Bb7 36. Bxb6 axb6 37. Ra7 Rb8 38. f3 Kh7 39. Kf2 Kg6 40. g4 Kf7
41. Rea1 Kg6 42. Kg3 Kg5 43. h4+ Kg6 44. h5+ Kh7 45. Kf2 Kg8 46. Rg1 Ba8 47. g5
Rf8 48. gxh6 Rxf3+ 49. Ke2 Re3+ 50. Kd2 Be4 51. Rgxg7+ Kh8 52. Raf7 Rd3+ 53.
Ke2 Re3+ 54. Kf2 Rf3+ 55. Rxf3 Bxf3 56. Kxf3 d3 57. Rd7 1-0

[Event "Keres"]
[Site "Quebec CAN"]
[Date "2016.05.09"]
[Round "2"]
[White "Arteau, Benoit"]
[Black "Glode, Martin"]
[Result "0-1"]
[WhiteElo "1972"]
[BlackElo "1872"]
[PlyCount "78"]
[EventDate "2016.05.02"]
[EventType "tourn"]
[EventRounds "5"]
[EventCountry "CAN"]

1. Nf3 d5 2. b3 Bg4 3. Bb2 e6 4. e3 Nf6 5. Be2 Nbd7 6. O-O Bd6 7. Na3 c6 8. c4
O-O 9. d4 Qe7 10. Nc2 e5 11. cxd5 Nxd5 12. dxe5 Nxe5 13. Qd4 f6 14. Qd1 Qc7 15.
h3 Nxf3+ 16. Bxf3 Bxf3 17. Qxf3 Be5 18. Nd4 Rfe8 19. Rfd1 Rad8 20. Rac1 Qa5 21.
a3 Qb6 22. b4 a5 23. Qg4 Re7 24. f4 Nxe3 25. Qe2 Nxd1 26. Rxd1 Bxd4+ 27. Bxd4
Rxe2 28. Bxb6 Rxd1+ 29. Kh2 axb4 30. axb4 Rdd2 31. Kg3 Rxg2+ 32. Kf3 f5 33. Bc5
Kf7 34. h4 Rh2 35. Ke3 Ra2 36. Kd4 Rxh4 37. Ke5 Rd2 38. Kxf5 Rh5+ 39. Ke4 Rxc5
0-1

[Event "Keres"]
[Site "Quebec CAN"]
[Date "2016.05.09"]
[Round "2"]
[White "Beauchesne, Jonathan"]
[Black "Coulon, Dominic"]
[Result "1-0"]
[WhiteElo "1565"]
[BlackElo "1778"]
[PlyCount "73"]
[EventDate "2016.05.02"]
[EventType "tourn"]
[EventRounds "5"]
[EventCountry "CAN"]

1. e4 e6 2. d3 c5 3. Nf3 d5 4. Nbd2 Nc6 5. g3 Nf6 6. Bg2 Qc7 7. O-O b6 8. Qe2
Be7 9. Re1 Bb7 10. a4 h5 11. h4 d4 12. Nc4 Ng4 13. Bf4 e5 14. Bd2 O-O-O 15. Bh3
Kb8 16. Ng5 Bxg5 17. Bxg5 f6 18. Bd2 Bc8 19. Bg2 Qe7 20. f4 Rhg8 21. a5 b5 22.
Na3 a6 23. Bf3 Rdf8 24. f5 g6 25. Kh1 gxf5 26. exf5 Qc7 27. Qg2 Ne7 28. Nxb5
axb5 29. a6 Ka7 30. Bb7 Nxf5 31. Ba5 Qe7 32. Qc6 Nf2+ 33. Kg2 Rxg3+ 34. Kxf2
Rg2+ 35. Kxg2 Qg7+ 36. Kh1 Bxb7 37. axb7 1-0

[Event "Keres"]
[Site "Quebec CAN"]
[Date "2016.05.09"]
[Round "2"]
[White "Laflamme, Simon"]
[Black "Bluteau, Yvon"]
[Result "0-1"]
[WhiteElo "1835"]
[BlackElo "1884"]
[PlyCount "74"]
[EventDate "2016.05.02"]
[EventType "tourn"]
[EventRounds "5"]
[EventCountry "CAN"]

1. e4 d5 2. exd5 Nf6 3. d4 Bg4 4. f3 Bf5 5. Bb5+ c6 6. dxc6 Nxc6 7. Ne2 Qa5+ 8.
Nbc3 O-O-O 9. Bxc6 bxc6 10. Be3 e5 11. Qc1 Nd5 12. Bf2 Nb4 13. O-O Nxc2 14. Ne4
Bxe4 15. fxe4 Nxa1 16. Qxc6+ Kb8 17. Rxa1 Qb6 18. Qa4 Be7 19. Nc3 exd4 20. Nd5
Qxb2 21. Qd1 Rxd5 22. Rb1 Rb5 23. Rxb2 Rxb2 24. Bg3+ Ka8 25. Qc1 Rb7 26. Be5
Bf6 27. Bxf6 gxf6 28. Qc6 Rd8 29. Kf2 d3 30. Ke1 d2+ 31. Kd1 Kb8 32. Qc2 Rc7
33. Qb3+ Kc8 34. Qh3+ Kb8 35. Qg3 Rdd7 36. a4 Ka8 37. Qg8+ Kb7 0-1

[Event "Keres"]
[Site "Quebec CAN"]
[Date "2016.05.09"]
[Round "2"]
[White "Tremblay, Rejean"]
[Black "Lessard, Claude"]
[Result "1/2-1/2"]
[WhiteElo "2182"]
[BlackElo "2046"]
[PlyCount "31"]
[EventDate "2016.05.02"]
[EventType "tourn"]
[EventRounds "5"]
[EventCountry "CAN"]

1. d4 f5 2. Nf3 Nf6 3. g3 b6 4. Bg2 Bb7 5. O-O e6 6. c4 Be7 7. Nc3 d6 8. Qa4+
Qd7 9. Qb3 Ne4 10. d5 exd5 11. Nxd5 O-O 12. Be3 c5 13. Rfd1 Nc6 14. Qd3 Rae8
15. a3 Bd8 16. h4 1/2-1/2

[Event "Keres"]
[Site "Quebec CAN"]
[Date "2016.05.09"]
[Round "2"]
[White "Tremblay-Alix, Eric"]
[Black "Dube, Dominic"]
[Result "1-0"]
[WhiteElo "1816"]
[BlackElo "1768"]
[PlyCount "57"]
[EventDate "2016.05.02"]
[EventType "tourn"]
[EventRounds "5"]
[EventCountry "CAN"]

1. e4 c6 2. d4 d5 3. e5 Bf5 4. Nf3 e6 5. Be2 Nd7 6. Be3 Qb6 7. b3 c5 8. O-O Ne7
9. Nc3 Nc6 10. Na4 Qc7 11. c3 Be7 12. h3 h5 13. Ng5 f6 14. Bxh5+ g6 15. Bxg6+
Bxg6 16. Nxe6 Qc8 17. Nf4 Bf5 18. Nxd5 fxe5 19. Qf3 Bd3 20. Rfe1 b5 21. Nxe7
Nxe7 22. Nxc5 Nxc5 23. dxc5 e4 24. Qf6 Rf8 25. Qh4 Ng6 26. Qg3 Qf5 27. Bh6 Rg8
28. Qxd3 Ne5 29. Qxe4 1-0

[Event "Keres"]
[Site "Quebec CAN"]
[Date "2016.05.16"]
[Round "3"]
[White "Bahadi, Khalid"]
[Black "Beauchesne, Jonathan"]
[Result "0-1"]
[WhiteElo "2018"]
[BlackElo "1565"]
[PlyCount "180"]
[EventDate "2016.05.02"]
[EventType "tourn"]
[EventRounds "5"]
[EventCountry "CAN"]

1. e4 d6 2. d4 Nf6 3. Nc3 g6 4. f4 Bg7 5. Nf3 O-O 6. Bd3 c5 7. Be3 cxd4 8. Bxd4
Nc6 9. Be3 Ng4 10. Bg1 Qa5 11. Qd2 Qb4 12. Rb1 Bxc3 13. Qxc3 Qxc3+ 14. bxc3 b6
15. h3 Nf6 16. g4 Bb7 17. Ke2 Na5 18. Nd2 Rac8 19. c4 Ba6 20. Rb4 Rc6 21. Kf3
Rfc8 22. Ra4 R8c7 23. c5 Bxd3 24. cxb6 Bxe4+ 25. Nxe4 axb6 26. Bxb6 Rxb6 27.
Nxf6+ exf6 28. Rxa5 Rxc2 29. Re1 Rbb2 30. a4 Ra2 31. h4 Rc4 32. Re4 Ra3+ 33.
Re3 Raxa4 34. Rxa4 Rxa4 35. Re8+ Kg7 36. Rd8 Rd4 37. Ke3 Rd1 38. Ke2 Rd5 39.
Ke3 f5 40. g5 h6 41. Kf3 Rd1 42. Ke2 Rh1 43. gxh6+ Kxh6 44. Kf2 Rd1 45. Ke2 Rd5
46. Kf3 Kg7 47. Ke3 Kf6 48. h5 gxh5 49. Rh8 Kg6 50. Rg8+ Kh7 51. Rg5 Kh6 52.
Rg8 Rd1 53. Rh8+ Kg6 54. Ke2 Rd4 55. Ke3 Re4+ 56. Kf3 d5 57. Rg8+ Kf6 58. Rh8
d4 59. Rh6+ Ke7 60. Rxh5 Ke6 61. Rh6+ f6 62. Rh8 Kd5 63. Rd8+ Kc4 64. Rc8+ Kd3
65. Rc5 Re3+ 66. Kf2 Ke4 67. Rc4 Rf3+ 68. Ke2 Rxf4 69. Ra4 Kd5 70. Ra5+ Kc4 71.
Ra6 d3+ 72. Ke3 Re4+ 73. Kd2 Re2+ 74. Kd1 Kc3 75. Rxf6 Rf2 76. Rc6+ Kd4 77.
Rd6+ Ke3 78. Re6+ Kf3 79. Rd6 d2 80. Rd3+ Kg2 81. Rd8 f4 82. Rg8+ Kf3 83. Ra8
Re2 84. Rh8 Rg2 85. Re8 Kg3 86. Rg8+ Kh2 87. Rf8 Rf2 88. Rg8 f3 89. Rg7 Rg2 90.
Rh7+ Kg1 0-1

[Event "Keres"]
[Site "Quebec CAN"]
[Date "2016.05.16"]
[Round "3"]
[White "Bluteau, Yvon"]
[Black "Tremblay, Rejean"]
[Result "0-1"]
[WhiteElo "1884"]
[BlackElo "2182"]
[PlyCount "82"]
[EventDate "2016.05.02"]
[EventType "tourn"]
[EventRounds "5"]
[EventCountry "CAN"]

1. Nf3 Nf6 2. d4 g6 3. g3 Bg7 4. Bg2 O-O 5. O-O d6 6. c4 Nbd7 7. Nc3 c6 8. e4
e5 9. Bg5 Qb6 10. dxe5 dxe5 11. Qc2 Qb4 12. b3 Qe7 13. h3 h6 14. Be3 Nh5 15.
Rad1 Re8 16. Qc1 Kh7 17. Ne2 Nhf6 18. Nh2 Nc5 19. f3 a5 20. Ng4 Ng8 21. Nf2 Nf6
22. Ng4 h5 23. Nf2 a4 24. b4 Ne6 25. a3 c5 26. bxc5 Nxc5 27. h4 Nb3 28. Qb2 Be6
29. c5 Nxc5 30. Nc3 Bb3 31. Rd2 Rad8 32. Rxd8 Rxd8 33. Nh3 Nd3 34. Qa1 Rc8 35.
Nf2 Nxf2 36. Bxf2 Bf8 37. Nb1 Rc2 38. Be1 Qc5+ 39. Kh1 Ra2 40. Qxa2 Bxa2 41.
Bb4 Qc8 0-1

[Event "Keres"]
[Site "Quebec CAN"]
[Date "2016.05.16"]
[Round "3"]
[White "Glode, Martin"]
[Black "Laflamme, Simon"]
[Result "1/2-1/2"]
[WhiteElo "1872"]
[BlackElo "1835"]
[PlyCount "42"]
[EventDate "2016.05.02"]
[EventType "tourn"]
[EventRounds "5"]
[EventCountry "CAN"]

1. e4 c6 2. d4 d5 3. exd5 cxd5 4. Bd3 Nc6 5. c3 Qc7 6. Ne2 Bg4 7. f3 Bd7 8. Na3
a6 9. Nc2 Nf6 10. Bf4 e5 11. dxe5 Nxe5 12. Ncd4 Bd6 13. O-O Nxd3 14. Bxd6 Qxd6
15. Qxd3 O-O 16. Rad1 Rfe8 17. Rfe1 Qb6 18. Qd2 Re5 19. Kh1 Rae8 20. Rf1 Qa5
21. Nc1 Kf8 1/2-1/2

[Event "Keres"]
[Site "Quebec CAN"]
[Date "2016.05.16"]
[Round "3"]
[White "Potvin, Alain-Nicolas"]
[Black "Tremblay-Alix, Eric"]
[Result "1/2-1/2"]
[WhiteElo "1833"]
[BlackElo "1816"]
[PlyCount "66"]
[EventDate "2016.05.02"]
[EventType "tourn"]
[EventRounds "5"]
[EventCountry "CAN"]

1. d4 d5 2. e3 Nf6 3. Nf3 c5 4. c3 Nc6 5. Bd3 Bg4 6. h3 Bh5 7. Nbd2 e6 8. Qa4
c4 9. Be2 Nd7 10. e4 Nb6 11. Qd1 Be7 12. O-O O-O 13. Re1 dxe4 14. Nxe4 Qd5 15.
Ng3 Bg6 16. Bf4 Rac8 17. Ne5 Nxe5 18. Bxe5 Nd7 19. Bf3 Qb5 20. Qd2 Rfd8 21. Bf4
e5 22. Be3 Nc5 23. Bg4 Rc7 24. Bf5 exd4 25. Bxd4 Bf6 26. Qf4 Qc6 27. Bxg6 hxg6
28. Bxc5 Qxc5 29. Ne4 Be5 30. Qh4 Bf6 31. Nxf6+ gxf6 32. Qxf6 Rcd7 33. Re2 Rd1+
1/2-1/2

[Event "Keres"]
[Site "Quebec CAN"]
[Date "2016.05.23"]
[Round "4"]
[White "Beauchesne, Jonathan"]
[Black "Potvin, Alain-Nicolas"]
[Result "1-0"]
[WhiteElo "1565"]
[BlackElo "1833"]
[PlyCount "45"]
[EventDate "2016.05.02"]
[EventType "tourn"]
[EventRounds "5"]
[EventCountry "CAN"]

1. e4 d6 2. d4 Nf6 3. Nc3 g6 4. Nf3 Bg7 5. Be2 O-O 6. O-O Bg4 7. h3 Bxf3 8.
Bxf3 Nbd7 9. g3 c5 10. Be3 Qc8 11. Bg2 Rb8 12. f4 b5 13. e5 Ne8 14. Nd5 Qa6 15.
Nxe7+ Kh8 16. dxc5 Nxc5 17. Bxc5 dxc5 18. Qd7 c4 19. a4 Qb6+ 20. Kh2 b4 21. a5
Qc5 22. Nc6 Rc8 23. Qxc8 1-0

[Event "Keres"]
[Site "Quebec CAN"]
[Date "2016.05.23"]
[Round "4"]
[White "Lessard, Claude"]
[Black "Bluteau, Yvon"]
[Result "1-0"]
[WhiteElo "2046"]
[BlackElo "1884"]
[PlyCount "65"]
[EventDate "2016.05.02"]
[EventType "tourn"]
[EventRounds "5"]
[EventCountry "CAN"]

1. d4 Nf6 2. g3 d5 3. Nf3 g6 4. Bg2 Na6 5. c4 e6 6. O-O Bg7 7. Nc3 O-O 8. Ne5
c6 9. a3 Nd7 10. f4 Nxe5 11. fxe5 Bd7 12. c5 Qe7 13. b4 f6 14. exf6 Rxf6 15.
Bf4 Rc8 16. Qd2 Nc7 17. Bd6 Qd8 18. e4 Ne8 19. e5 Rxf1+ 20. Rxf1 Nxd6 21. cxd6
Qb6 22. Na4 Qd8 23. Nc5 b6 24. Na6 c5 25. bxc5 Bb5 26. Nc7 Qd7 27. Rb1 Rxc7 28.
dxc7 Bc4 29. cxb6 axb6 30. Rxb6 Qxc7 31. Qb4 Bxe5 32. dxe5 Qxe5 33. Rb8+ 1-0

[Event "Keres"]
[Site "Quebec CAN"]
[Date "2016.05.23"]
[Round "4"]
[White "Tremblay, Rejean"]
[Black "Glode, Martin"]
[Result "1-0"]
[WhiteElo "2182"]
[BlackElo "1872"]
[PlyCount "61"]
[EventDate "2016.05.02"]
[EventType "tourn"]
[EventRounds "5"]
[EventCountry "CAN"]

1. d4 d5 2. c4 e6 3. Nc3 c6 4. Nf3 Nf6 5. e3 Nbd7 6. Bd3 dxc4 7. Bxc4 b5 8. Bd3
Bd6 9. O-O O-O 10. Bd2 Bb7 11. Rc1 Rc8 12. a3 a5 13. Ne4 Be7 14. Qe1 Ra8 15.
Qe2 Qb6 16. Nxf6+ Bxf6 17. Rfd1 b4 18. axb4 axb4 19. e4 e5 20. Rc4 c5 21. dxc5
Nxc5 22. Rxb4 Qd6 23. Be3 Rfb8 24. Bc4 Qe7 25. Bd5 Ba6 26. Rxb8+ Rxb8 27. Qc2
Rc8 28. Rc1 Nd7 29. Qxc8+ Bxc8 30. Rxc8+ Nf8 31. Bc5 1-0

[Event "Keres"]
[Site "Quebec CAN"]
[Date "2016.05.23"]
[Round "4"]
[White "Tremblay-Alix, Eric"]
[Black "Lapointe, Daniel"]
[Result "1-0"]
[WhiteElo "1816"]
[BlackElo "1602"]
[PlyCount "47"]
[EventDate "2016.05.02"]
[EventType "tourn"]
[EventRounds "5"]
[EventCountry "CAN"]

1. Nf3 Nf6 2. c4 c5 3. g3 g6 4. Bg2 Bg7 5. d3 Nc6 6. O-O O-O 7. Nc3 d6 8. Bg5
Bd7 9. Qd2 Re8 10. Rad1 Qc8 11. d4 Bh3 12. dxc5 Bxg2 13. Kxg2 dxc5 14. Bxf6
Bxf6 15. Nd5 Bg7 16. Qf4 Bxb2 17. Ng5 Rf8 18. Qh4 h5 19. Ne4 Qf5 20. f3 b6 21.
g4 Qe5 22. Rd2 Ba3 23. gxh5 Qxh5 24. Nef6+ 1-0

[Event "Keres"]
[Site "Quebec CAN"]
[Date "2016.06.06"]
[Round "5"]
[White "Arteau, Benoit"]
[Black "Bluteau, Yvon"]
[Result "1-0"]
[WhiteElo "1972"]
[BlackElo "1884"]
[PlyCount "131"]
[EventDate "2016.05.02"]
[EventType "tourn"]
[EventRounds "5"]
[EventCountry "CAN"]

1. b3 Nf6 2. Bb2 g6 3. Nf3 Bg7 4. e4 d6 5. Be2 O-O 6. d3 e5 7. Nbd2 Nc6 8. Nc4
Be6 9. Qd2 Bxc4 10. bxc4 Nd7 11. g4 Nd4 12. Nxd4 exd4 13. h4 f5 14. gxf5 gxf5
15. O-O-O fxe4 16. dxe4 c5 17. f4 Qf6 18. Rdf1 Bh6 19. Rhg1+ Kh8 20. c3 Bxf4
21. Rxf4 Qxf4 22. cxd4 Qxd2+ 23. Kxd2 cxd4 24. Bxd4+ Ne5 25. c5 Rad8 26. cxd6
Rxd6 27. Ke3 Rxd4 28. Kxd4 Nc6+ 29. Kc5 Re8 30. Bc4 Ne5 31. Bb5 Rc8+ 32. Kd5
Nf3 33. Rg4 b6 34. a4 Rc5+ 35. Kd6 Ne5 36. Rf4 Kg7 37. Ke6 Ng6 38. Rg4 Re5+ 39.
Kd6 Kf6 40. Bc4 a5 41. Bd5 Rh5 42. Kc7 Rxh4 43. Rxh4 Nxh4 44. Kxb6 Ng6 45. Kxa5
h5 46. Kb6 Ne5 47. a5 h4 48. a6 h3 49. a7 h2 50. a8=Q h1=Q 51. Qf8+ Kg6 52.
Qf5+ Kh6 53. Qxe5 Qb1+ 54. Kc6 Qc2+ 55. Kd6 Qb1 56. Qf6+ Kh7 57. Qh4+ Kg7 58.
Qg5+ Kh7 59. Qg8+ Kh6 60. Qc8 Qb2 61. e5 Qb4+ 62. Qc5 Qb8+ 63. Qc7 Qb4+ 64. Kd7
Kg7 65. Kc8+ Kg6 66. Qd6+ 1-0

[Event "Keres"]
[Site "Quebec CAN"]
[Date "2016.06.06"]
[Round "5"]
[White "Glode, Martin"]
[Black "Lessard, Claude"]
[Result "1-0"]
[WhiteElo "1872"]
[BlackElo "2046"]
[PlyCount "73"]
[EventDate "2016.05.02"]
[EventType "tourn"]
[EventRounds "5"]
[EventCountry "CAN"]

1. e4 d6 2. d4 Nf6 3. Bd3 g6 4. Nf3 Bg7 5. O-O O-O 6. c3 c5 7. dxc5 dxc5 8. h3
Qc7 9. Qe2 Nc6 10. Re1 e5 11. a4 Nh5 12. Qc2 h6 13. Na3 Nf4 14. Bf1 Be6 15. Be3
Qe7 16. Nc4 g5 17. Kh2 b6 18. Rad1 g4 19. Ng1 gxh3 20. g3 Ng2 21. Nxh3 Nxe1 22.
Rxe1 Rad8 23. Qc1 Kh7 24. Be2 Rc8 25. Rh1 f5 26. Kg2 Nd4 27. cxd4 cxd4 28. Ng5+
Kg8 29. Nxe6 Qxe6 30. Bxh6 f4 31. Bxg7 Kxg7 32. b3 Rh8 33. Rh5 Rxh5 34. Bxh5
Qh6 35. Qd1 fxg3 36. Qg4+ Kh7 37. Qxc8 1-0

[Event "Keres"]
[Site "Quebec CAN"]
[Date "2016.06.06"]
[Round "5"]
[White "Laflamme, Simon"]
[Black "Tremblay, Rejean"]
[Result "0-1"]
[WhiteElo "1835"]
[BlackElo "2182"]
[PlyCount "48"]
[EventDate "2016.05.02"]
[EventType "tourn"]
[EventRounds "5"]
[EventCountry "CAN"]

1. d4 Nf6 2. c4 g6 3. Nc3 Bg7 4. e4 d6 5. Nf3 O-O 6. Be2 Nbd7 7. O-O e5 8. d5
a5 9. h3 Nh5 10. Be3 Nf4 11. Re1 Nxe2+ 12. Rxe2 f5 13. Ng5 Nc5 14. exf5 gxf5
15. Rd2 h6 16. Ne6 Nxe6 17. dxe6 f4 18. Bc5 Bxe6 19. Nb5 Rf7 20. Bb6 cxb6 21.
Nxd6 Rd7 22. Nxb7 Rxd2 23. Nxd8 Rxd1+ 24. Rxd1 Bxc4 0-1

[Event "Keres"]
[Site "Quebec CAN"]
[Date "2016.06.06"]
[Round "5"]
[White "Lapointe, Daniel"]
[Black "Beauchesne, Jonathan"]
[Result "0-1"]
[WhiteElo "1602"]
[BlackElo "1565"]
[PlyCount "102"]
[EventDate "2016.05.02"]
[EventType "tourn"]
[EventRounds "5"]
[EventCountry "CAN"]

1. Nf3 Nf6 2. c4 g6 3. d4 Bg7 4. Nc3 O-O 5. Bf4 d6 6. e3 Nbd7 7. Qc2 c6 8. Be2
Re8 9. e4 e5 10. Be3 a6 11. O-O Qe7 12. Nd2 h5 13. f3 h4 14. dxe5 dxe5 15. Nb3
Nh5 16. c5 Nf4 17. Bc4 Qg5 18. Kh1 Nf6 19. Qf2 N6h5 20. Ne2 Qf6 21. Rad1 Rd8
22. g4 hxg3 23. Nxg3 Bh3 24. Rxd8+ Rxd8 25. Rg1 Qh4 26. Nxh5 Qxh5 27. Qg3 Be6
28. Bf1 Nd3 29. Be2 Nxb2 30. Qg2 Bc4 31. Na5 Bxe2 32. Qxe2 Rd7 33. Rg5 Qh3 34.
Rg3 Rd1+ 35. Bg1 Qf1 36. Qxb2 Bh6 37. Qg2 Qb5 38. Nb3 Be3 39. Qh3 Bf2 40. Rg2
Qf1 41. Qg4 Qe2 42. h4 Qxa2 43. h5 Rxg1+ 44. Rxg1 Bxg1 45. Qxg1 Qxb3 46. Qg2
Kg7 47. Kh2 Qe3 48. Qg4 Qf4+ 49. Kh3 Qxg4+ 50. fxg4 gxh5 51. gxh5 a5 0-1

[Event "Khalif"]
[Site "Quebec CAN"]
[Date "2016.03.21"]
[Round "1"]
[White "Bahadi, Khalid"]
[Black "Beauchesne, Jonathan"]
[Result "1-0"]
[WhiteElo "1927"]
[BlackElo "1569"]
[PlyCount "95"]
[EventDate "2016.03.21"]
[EventType "swiss"]
[EventRounds "5"]
[EventCountry "CAN"]

1. e4 c5 2. Nf3 d6 3. d4 cxd4 4. Nxd4 Nf6 5. Nc3 g6 6. Be2 Bg7 7. g4 a6 8. g5
Nfd7 9. h4 Nc6 10. Be3 Qc7 11. h5 Nb6 12. h6 Bxd4 13. Bxd4 Nxd4 14. Qxd4 e5 15.
Qd3 Be6 16. O-O-O O-O-O 17. b3 Kb8 18. Rhg1 Rhf8 19. Rg3 f5 20. gxf6 Rxf6 21.
Rf3 Qf7 22. Rxf6 Qxf6 23. Qe3 Qf4 24. Qxf4 exf4 25. Bf3 Kc7 26. Ne2 Rf8 27. Nd4
Bd7 28. Rg1 Nc8 29. Bg4 Ne7 30. f3 Ng8 31. Be6 Nf6 32. Bc4 Re8 33. Kd2 Nh5 34.
Bd5 Nf6 35. c4 Re5 36. Ne2 g5 37. Nc3 Bc8 38. Kd3 Kd8 39. Kd4 Ke7 40. c5 Ne8
41. cxd6+ Kxd6 42. Na4 b5 43. Nb6 Be6 44. Bxe6 Kxe6 45. Nd7 Rxe4+ 46. Kxe4 Kxd7
47. Rxg5 Ke6 48. Kxf4 1-0

[Event "Khalif"]
[Site "Quebec CAN"]
[Date "2016.03.21"]
[Round "1"]
[White "Bluteau, Yvon"]
[Black "Boissinot, Claude"]
[Result "1-0"]
[WhiteElo "1884"]
[BlackElo "1539"]
[PlyCount "135"]
[EventDate "2016.03.21"]
[EventType "swiss"]
[EventRounds "5"]
[EventCountry "CAN"]

1. d4 Nf6 2. Nf3 e6 3. c4 b6 4. g3 Bb7 5. Bg2 Be7 6. O-O O-O 7. Nc3 d5 8. cxd5
exd5 9. Bf4 a6 10. Rc1 Nbd7 11. Ne5 Rc8 12. Bh3 Rb8 13. Na4 Bd6 14. Nxd7 Nxd7
15. Bxd6 cxd6 16. e3 b5 17. Nc3 Nf6 18. Qf3 Ne4 19. Nxe4 dxe4 20. Qh5 g6 21.
Qe2 f5 22. b4 Kh8 23. Rc2 Qg5 24. Bg2 Rbc8 25. Rfc1 Rxc2 26. Rxc2 Rf7 27. Qd2
Qd8 28. Qc3 Qf6 29. Qb3 g5 30. Rc3 f4 31. Rc2 Qg6 32. a4 fxg3 33. hxg3 Re7 34.
axb5 axb5 35. Qa2 Qf6 36. Qa5 Qe6 37. Qxb5 Qb3 38. Qc4 Qb1+ 39. Rc1 Qb2 40. Qc3
Qxc3 41. Rxc3 d5 42. Bh3 h5 43. Bc8 Kg7 44. b5 Bxc8 45. Rxc8 Rb7 46. Rc5 Rd7
47. b6 Kf6 48. Rc7 Rd8 49. b7 Rb8 50. Rh7 Kg6 51. Rd7 Kf6 52. Rd6+ Ke7 53. Rxd5
Kf6 54. Re5 Rxb7 55. Rxe4 Rd7 56. Re5 Rd6 57. Kg2 Rd7 58. Ra5 Rd6 59. Kf3 Kg6
60. Ra8 Rf6+ 61. Kg2 Rd6 62. Re8 Rd5 63. Re6+ Kf5 64. Rh6 Ke4 65. Rxh5 Rf5 66.
Rh8 Kd3 67. Re8 Rb5 68. Re5 1-0